| 000 -CABECERA |
| Longitud fija campo de control |
01150cam a2200289 i 4500 |
| 001 - NÚMERO DE CONTROL |
| Número de control |
991016818649706706 |
| 003 - IDENTIFICADOR DEL NÚMERO DE CONTROL |
| Identificador del número de control |
OSt |
| 005 - FECHA Y HORA DE LA ÚLTIMA TRANSACCIÓN |
| Fecha y hora de la última transacción |
20231025131659.0 |
| 008 - CÓDIGOS DE INFORMACIÓN DE LONGITUD FIJA |
| Códigos de información de longitud fija |
020110s1981 spco || 000 ||spa c |
| 017 ## - NÚMERO DE COPYRIGHT O DE DEPÓSITO LEGAL |
| Número de copyright o de depósito legal |
DL B 6389-1956 |
| Agencia que asigna el número |
Biblioteca de Catalunya |
| 035 ## - NÚMERO DE CONTROL DEL SISTEMA |
| Número de control del sistema |
(ES-BaCBU).b1418459x |
| 035 ## - NÚMERO DE CONTROL DEL SISTEMA |
| Número de control del sistema |
(OCoLC)802891104 |
| 040 ## - FUENTE DE LA CATALOGACIÓN |
| Centro catalogador de origen |
ES-BaBC |
| Lengua de catalogación |
cat |
| Normas de descripción |
rda |
| Centro transcriptor |
CDMR |
| 043 ## - CÓDIGO DE ÁREA GEOGRÁFICA |
| Código de área geográfica |
e-sp--- |
| Código local GAC |
e-spc-- |
| Fuente del código local |
catmarc |
| Código de área geográfica |
e-sp--- |
| Código local GAC |
e-spcba |
| Fuente del código local |
catmarc |
| 080 ## - NÚMERO DE LA CLASIFICACIÓN DECIMAL UNIVERSAL |
| Número de la Clasificación Decimal Universal |
946.71"19":(054) |
| 245 03 - MENCIÓN DE TÍTULO |
| Título |
La Vanguardia : |
| Resto del título |
centenario : 1 de Febrero de 1881 - 1 de Febrero de 1981 |
| 264 #1 - PRODUCCIÓN, PUBLICACIÓN , DISTRIBUCIÓN, FABRICACIÓN Y COPYRIGHT |
| Lugar de producción, publicación, distribución, fabricación |
Barcelona : |
| Nombre del productor, editor, distribuidor, fabricante |
La Vanguardia, |
| Fecha de de producción, publicación, distribución, fabricación o copyright |
1981 |
| 300 ## - DESCRIPCIÓN FÍSICA |
| Extensión |
188 pàgines no numerades : |
| Otras características físicas |
il·lustracions (algunes color) ; |
| Dimensiones |
32 cm |
| 610 20 - PUNTO DE ACCESO ADICIONAL DE MATERIA - NOMBRE DE ENTIDAD CORPORATIVA |
| Nombre de entidad corporativa o nombre de jurisdicción como elemento inicial |
La Vanguardia (Diari) |
| 9 (RLIN) |
1150 |
| Subdivisió,n de materia general |
Història |
| Subdivisión cronológica |
1881-1981 |
| 650 04 - PUNTO DE ACCESO ADICIONAL DE MATERIA - TÉRMINO DE MATERIA |
| Término de materia o nombre geográfico como elemento inicial |
Diaris |
| Subdivisión geográfica |
Barcelona |
| Subdivisión de materia general |
Història |
| Subdivisión cronológica |
1881-1981 |
| 651 #7 - PUNTO DE ACCESO ADICIONAL DE MATERIA - NOMBRE GEOGRÁFICO |
| Nombre geográfico |
Catalunya |
| Subdivisión de materia general |
Història |
| Subdivisión cronológica |
1881-1981 |
| Fuente del encabezamiento o término |
lemac |
| 651 #7 - PUNTO DE ACCESO ADICIONAL DE MATERIA - NOMBRE GEOGRÁFICO |
| Nombre geográfico |
Barcelona (Catalunya) |
| Subdivisión de materia general |
Història |
| Subdivisión cronológica |
1881-1981 |
| Fuente del encabezamiento o término |
lemac |
| 907 ## - ELEMENTO G DATOS LOCALES, GDL (RLIN) |
| a |
.b1418459x |
| b |
22-06-21 |
| c |
07-05-08 |
| d |
07-05-08 |
| e |
m |
| f |
a |
| g |
- |
| h |
spa |
| i |
spc |
| j |
3 |
| k |
11 |
| 908 ## - CONTROL DE PARÁMETROS (RLIN) |
| Parametro de comando lanzado |
AHCB |
| -- |
BAB |
| -- |
BC |
| -- |
BPA |
| -- |
UAB |
| -- |
UB |
| -- |
UdL |
| -- |
UPF |
| -- |
URL |
| -- |
GEPA |
| -- |
ICGC |
| -- |
CLR |
| -- |
ANC |
| -- |
CHCC |
| -- |
CHCC |
| -- |
URV |
| -- |
FJM |
| 940 ## - |
| T&íacute;tulo uniforme |
<a href="BC">BC</a> |
| 942 ## - ENTRADA DE ELEMENTOS AGREGADOS (KOHA) |
| Fuente de clasificaión o esquema |
|
| Koha [por defecto] tipo de item |
Monografies |